प्रेक्षागृह / (Record no. 115338)

MARC details
000 -LEADER
fixed length control field 00922nam a22002537a 4500
005 - DATE AND TIME OF LATEST TRANSACTION
control field 20170124103022.0
010 ## - LIBRARY OF CONGRESS CONTROL NUMBER
LC control number A-957305
020 ## - INTERNATIONAL STANDARD BOOK NUMBER
Terms of availability 100.00
International Standard Book Number 8185045747
035 ## - SYSTEM CONTROL NUMBER
System control number A-957305
037 ## - SOURCE OF ACQUISITION
Source of stock number/acquisition Cen Lib/Ret
040 ## - CATALOGING SOURCE
Original cataloging agency DPL
Language of cataloging HN
082 ## - DEWEY DECIMAL CLASSIFICATION NUMBER
Classification number
Item number दुबेस
100 ## - MAIN ENTRY--PERSONAL NAME
Personal name दुबे, सतीश
9 (RLIN) 60981
245 ## - TITLE STATEMENT
Title प्रेक्षागृह /
Statement of responsibility, etc सतीश दुबे
246 ## - VARYING FORM OF TITLE
Title proper/short title Prekshagrah /
Remainder of title by Sateesh Dubey
260 ## - PUBLICATION, DISTRIBUTION, ETC. (IMPRINT)
Place of publication, distribution, etc दिल्ली
Name of publisher, distributor, etc दिशा प्रकाशन
Date of publication, distribution, etc 1998
270 ## - ADDRESS
Address 138/16, त्रिनगर
City दिल्ली
Postal code 110035
300 ## - PHYSICAL DESCRIPTION
Extent 123पृ.
Dimensions 19सेमी(सजिल्द)
650 ## - SUBJECT ADDED ENTRY--TOPICAL TERM
Topical term or geographic name as entry element हिन्दी साहित्य
9 (RLIN) 60982
650 ## - SUBJECT ADDED ENTRY--TOPICAL TERM
Topical term or geographic name as entry element हिन्दी कहानियां
9 (RLIN) 60983
650 ## - SUBJECT ADDED ENTRY--TOPICAL TERM
Topical term or geographic name as entry element Hindi literature
9 (RLIN) 60984
650 ## - SUBJECT ADDED ENTRY--TOPICAL TERM
Topical term or geographic name as entry element Hindi stories
9 (RLIN) 60985
942 ## - ADDED ENTRY ELEMENTS (KOHA)
Source of classification or shelving scheme Dewey Decimal Classification
Koha item type Hindi Books
Classification part
Call number suffix दुबेस
Holdings
Withdrawn status Lost status Damaged status Not for loan Home library Current library Date acquired Source of acquisition Cost, normal purchase price Total Checkouts Full call number Barcode Date last seen Copy number Cost, replacement price Price effective from Koha item type Public note
Written off       Central Library Central Library 20/08/2015 Cen Lib/Ref 100.00   क दुबेस A-957305 20/08/2015 1 100.00 20/08/2015 Hindi Books Written off on approval by DLB (By Circulation); dtd 20.12.2022

© Delhi Public Library
Hit Counter
free hit counter